00542nam a22001692 4500001001100000005001700011008004100028020001700069040001500086100003200101245010000133250001300233260003400246300001600280650007300296852000300369000002065920151217145926.0110930s xx 000 0 eng d a0521719780 : aKABUcKABU1 aHouston, Kevin.@000018114410aHow to think like a mathematician :ba companion to undergraduate mathamatics /cKevin Houston. a1st ed. aCambridge :bC. U. P.,c2009. axi, 265 p. 0aMathematicsxStudy and teaching (Higher)zUnited States.@00001811451